History of the freedom movement in India, Vol.-2 / (Record no. 22300)

MARC details
000 -LEADER
fixed length control field 00689cam a2200229u 4500
001 - CONTROL NUMBER
control field 7976238
003 - CONTROL NUMBER IDENTIFIER
control field BDDh-ASL
005 - DATE AND TIME OF LATEST TRANSACTION
control field 20231015030120.0
008 - FIXED-LENGTH DATA ELEMENTS--GENERAL INFORMATION
fixed length control field 820922m19621963ii 000 0 eng
010 ## - LIBRARY OF CONGRESS CONTROL NUMBER
LC control number sa 63002261
040 ## - CATALOGING SOURCE
Original cataloging agency DLC
Transcribing agency CarP
Modifying agency DLC
-- BDDh-ASL
043 ## - GEOGRAPHIC AREA CODE
Geographic area code a-ii---
050 00 - LIBRARY OF CONGRESS CALL NUMBER
Classification number DS446.3
Item number .M35
082 ## - DEWEY DECIMAL CLASSIFICATION NUMBER
Classification number 954
Item number MAH
100 1# - MAIN ENTRY--PERSONAL NAME
Personal name Majumdar, R. C.
Fuller form of name (Ramesh Chandra),
Dates associated with a name 1888-1980.
245 10 - TITLE STATEMENT
Title History of the freedom movement in India, Vol.-2 /
260 ## - PUBLICATION, DISTRIBUTION, ETC.
Place of publication, distribution, etc. Calcutta :
Name of publisher, distributor, etc. Firma K. L. Mukhopadhyay,
Date of publication, distribution, etc. 1962-63.
300 ## - PHYSICAL DESCRIPTION
Extent v-2, 592 p. :
Dimensions 22 cm.
650 #0 - SUBJECT ADDED ENTRY--TOPICAL TERM
Topical term or geographic name entry element Nationalism
Geographic subdivision India
General subdivision History.
906 ## - LOCAL DATA ELEMENT F, LDF (RLIN)
a 0
b cbc
c premunv
d u
e ncip
f 19
g y-gencatlg
942 ## - ADDED ENTRY ELEMENTS (KOHA)
Source of classification or shelving scheme Dewey Decimal Classification
Koha item type Books
Holdings
Withdrawn status Lost status Source of classification or shelving scheme Damaged status Not for loan Collection code Home library Current library Shelving location Date acquired Source of acquisition Serial Enumeration / chronology Total Checkouts Full call number Barcode Date last seen Copy number Price effective from Koha item type Public note
    Dewey Decimal Classification Damaged Not For Loan Non-fiction Asiatic Society Library Asiatic Society Library General Stacks 02/24/2021 ASB Library Collections V-2   954 MAH 106507 02/24/2021 C-1 02/24/2021 Books RARE
    Dewey Decimal Classification Damaged Not For Loan Non-fiction Asiatic Society Library Asiatic Society Library General Stacks 02/24/2021 ASB Library Collections V-2   954 MAH 106508 02/24/2021 C-2 02/24/2021 Books RARE

Powered by Koha